Fundamental statistics for business and economics
Saved in:
| Main Author: | |
|---|---|
| Other Authors: | |
| Format: | Book |
| Language: | English |
| Published: |
Boston :
Allyn and Bacon,
1966
|
| Edition: | 3rd ed. |
| Subjects: | |
| Tags: |
Add Tag
No Tags, Be the first to tag this record!
|
MARC
| LEADER | 00000nam a2200000 i 4500 | ||
|---|---|---|---|
| 001 | 1/19666 | ||
| 008 | 960701s1966 eng d | ||
| 035 | |l 10021356 | ||
| 040 | |a GR-MY-UA |b gre |e aacr | ||
| 041 | 0 | |a eng | |
| 082 | 0 | |a 519.5 | |
| 100 | 1 | |a Neter, John. | |
| 245 | 1 | 0 | |a Fundamental statistics for business and economics / |c John Neter, William Wasseraman |
| 250 | |a 3rd ed. | ||
| 260 | |a Boston : |b Allyn and Bacon, |c 1966 | ||
| 300 | |a 738 p. | ||
| 500 | |a Includes index | ||
| 650 | 0 | 0 | |a Statistics. |
| 700 | 1 | |a Wasserman, William. | |
| 852 | |a INST |b CHIOS |e 19960701 |h 519.5 NET |p 005200007386 |q 005200007386 |t BK |y 0 | ||
| 909 | |a Χ |b 013400 | ||